000 00457nam a22001457a 4500
005 20251211104824.0
008 251211b |||||||| |||| 00| 0 eng d
037 _cTB
040 _aAL
_cAL
041 _2GUJ
_aGUJ
100 _aतिवारी, भोलानाथ
_9855825
245 _aभारतीय पौराइए यासों
942 _2CC
_cTB
_n0
999 _c1466173
_d1466173